| 000 | 01420nam0a22003011 4500 | ||
|---|---|---|---|
| 001 | rc\990230 | ||
| 005 | 20230920113118.0 | ||
| 035 | _a(NLR Aleph) 006157492 | ||
| 090 |
_a5827480 _c5827480 |
||
| 100 | _a20041129d1981 u |0rusy50 ca | ||
| 101 | 0 | _arus | |
| 102 | _aRU | ||
| 105 | _aa ||||||||| | ||
| 200 | 1 |
_aТехнический прогресс в геофизических исследованиях скважин _f[Дембицкий С.И., Лаптев В.В., Савостьянов Н.А.] |
|
| 210 |
_aМ. _cВНИИОЭНГ _d1981 |
||
| 215 |
_a67 с. _cсхем. _d20 |
||
| 225 | 1 |
_aНефтяная промышленность _iСерия "Нефтегазовая геология и геофизика" _eОбзор. информ. _fВНИИ орг., упр. и экономики нефтегазовой пром-сти _vВып. 4 |
|
| 300 | _aВ надзаг. также: М-во нефт. пром-сти | ||
| 320 | _aБиблиогр.: с. 60-65 | ||
| 700 | 1 |
_aДембицкий _bС. И. _gСтанислав Иосифович |
|
| 701 | 1 |
_aЛаптев _bВ. В. _cканд. техн. наук _f1937-2022 _gВладимир Викторович _3RU\NLR\AUTH\77116611 |
|
| 701 | 1 |
_aСавостьянов _bН. А. _gНиколай Андреевич |
|
| 801 | 0 |
_aRU _bNLR _gpsbo |
|
| 801 | 1 |
_aRU _bELAR _2rusmarc |
|
| 852 |
_aNLR _jП10/5872 |
||
| 942 | _cBOOK | ||
| 980 | _aNB | ||